1892 1693 1847 1608 1292 1940 1368 1582 1421 1474 1914 1756 1913 1867 1029 1312 1702 1722 1264 1666 1829 2000 1419 1717 1004 1104 1082 1931 1565 1661 1633 1515 1979 1884 1567 1799 1155 1593 1380 1415 1500 1302 1378 1577 1029 1537 1210 1998 1290 1432 1431 1252 1028 1160 1154 1794 1093 1236 1328 1415 1050 1019 1004 1451 1899 1151 1112 1915 1249 1550 1650 1057 1439 1214 1107 1123 1582 1420 1159 1881 1753 1387 1436 1006 1376 1088 1900 1769 1440 1104 1613 1706 1371 1781 1997 1589 1694 1614 1277 BCNSPRNW ULIB Ver.6.0+V

เปลี่ยนเป็นภาษาไทย

Change to English
 แสดงรายละเอียดบรรณานุกรม
  กลับหน้าหลัก

Brief Record : Get Marc (ISO 2709) : E-mail record : QR code < ปิดหน้าต่าง
LEADER : 00000nas 2200000uu 4500
001    13399125120
003     ULIB
008    160907s||||||||th 000 0 tha d
022 0  24654809
245 00 วารสารหัวหินสุขใจไกลกังวล
310    ^aราย 6 เดือน
850 ^a ULIB^bปีที่ 3 ฉบับที่ 1 ฉ.1 ;ปีที่ 1 ฉบับที่ 1 ฉ.1 ;ปีที่ 1 ฉบับที่ 2 ฉ.1
945    ^p0^l0^i905190
945    ^p0^l0^i904065
945    ^p0^l0^i904544
999    ^aวรรณษา ชูชัยมงคล
รายการนี้ยังไม่มีแท็ก
คุณยังไม่ได้ล็อกอิน คุณสามารถมีกิจกรรมร่วมกับเว็บไซต์ได้ แต่ต้องล็อกอินก่อน ::
  ล็อกอิน

รายการสื่อสารสนเทศ (วารสาร)

ดูแบบ: กล่อง รายการ
ARRIVED
ปีที่ 1 ฉบับที่ 1 ฉ.1
สถานที่: ห้องสมุดวิทยาเขตสวรรค์ประชารักษ์ >หนังสือพิมพ์
ARRIVED
ปีที่ 1 ฉบับที่ 2 ฉ.1
สถานที่: ห้องสมุดวิทยาเขตสวรรค์ประชารักษ์ >หนังสือพิมพ์
ARRIVED
ปีที่ 3 ฉบับที่ 1 ฉ.1
สถานที่: ห้องสมุดวิทยาเขตสวรรค์ประชารักษ์ >วารสาร

BibComment


ยังไม่เคยถูกคอมเมนท์

คอมเมนท์ทรัพยากรรายการนี้
  คอมเมนท์: วารสารหัวหินสุขใจ..


 Copyright 2026. Bcnsprnw @Library